| 000 | 01147nam a2200301 i 4500 | ||
|---|---|---|---|
| 003 | EG-GICUC | ||
| 005 | 20260314085154.0 | ||
| 008 | 260124s2008 ua |||fr|||| 00| 0 ara d | ||
| 040 |
_a EG-GICUC _bara _c EG-GICUC _d EG-GICUC _erda |
||
| 041 | 0 | _aAra | |
| 082 | 0 | 4 |
_221 _a343.7675 _bع ب . ق |
| 092 | 0 | 4 | _221 |
| 099 | _aLaw1 10 343.7675 ع ب . ق 2008 | ||
| 100 | 0 |
_aعبدالرحمن محمد سلطان السودانى _eمؤلف. |
|
| 245 | 1 | 0 |
_aقواعد الحد الأدنى لمعاملة السجناء / _cتأليف العقيد عبدالرحمن محمد سلطان السودانى. |
| 264 | 1 |
_aبغداد : _b[الناشر غير محدد]، _c2008. |
|
| 300 |
_a 128صفحة؛ _c24 سم. |
||
| 336 |
_2rda content _atext |
||
| 337 |
_2rda media _aComputer |
||
| 338 |
_2rda carrier _aOnline Resource |
||
| 504 | _a ببليوجرافيا: صفحات115-120. | ||
| 650 | 1 |
_aوسائل المعاملة داخل السجون _2qrmak |
|
| 650 | 1 |
_aالقانون الجنائى _2qrmak |
|
| 651 | 1 | _2qrmak | |
| 856 | 4 | 0 | _uhttps://fll.law.cu.edu.eg/fulltext/bks/B10-08148.pdf |
| 905 | _a54 | ||
| 942 |
_2ddc _cBK _e21 _n0 |
||
| 999 |
_c59082 _d59082 |
||